Teorie obvodů I. Základy elektrotechniky

Bibliographic Details
Main Author: Dostál, Tomáš, 1966- (Author)
Format: Book
Language:Czech
PhysicalDescription:122 s. ilustr., sch. 30 cm
Published: Liptovský Mikuláš Vysoká vojenská technická škola 1984
Subjects:

MARC

LEADER 00000cam a2200000 a 4500
001 vtls008907437
003 SK-MaSNL
005 20260301210009.0
008 240318s1984 xo a d p 000 0 cze
020 |q (brož.) 
035 |a LMAOSK5992 
040 |a SNK  |b slo  |c SNK  |e AACR2 
041 0 |a cze 
044 |a xo  |c SK 
072 7 |a 621.3  |x Elektrotechnika  |2 konspekt 
080 |a 621.3.011.7  |2 2001 
080 |a 621.3  |2 2001 
080 |a (075.8)  |2 2001 
100 1 |a Dostál, Tomáš,  |d 1966-  |4 aut  |9 592894 
245 1 0 |a Teorie obvodů  |n I.  |p Základy elektrotechniky  |c zpracoval Tomáš Dostál 
246 3 0 |a Základy elektrotechniky 
260 |a Liptovský Mikuláš  |b Vysoká vojenská technická škola  |c 1984 
300 |a 122 s.  |b ilustr., sch.  |c 30 cm 
650 0 7 |a elektrické obvody  |2 SNKPH  |9 3693 
650 0 7 |a elektrotechnika  |2 SNKPH  |9 3619 
655 7 |a učebnice vysokých škôl  |2 SNKPH  |9 70191 
958 |a OND 
999 |c 912113  |d 914043 
952 |a SNK  |b SNK  |y PREZ  |7 0  |p 17A0509561  |o snkSB 75256/1  |i snk2007/24351  |8 1  |0 0  |1 0  |4 0  |d 2007-11-09  |f 1  |l 0  |r 2025-04-28 00:00:00  |w 2026-02-24